[Event "21. Intern. Travemünder Schach-Open"]
[Site "?"]
[Date "2004.12.27"]
[Round "2"]
[White "Wichmann, Daniel"]
[Black "Krueger, Alexander"]
[Result "1/2-1/2"]
[WhiteElo "2255"]
[BlackElo "2033"]
[PlyCount "117"]
[EventDate "2004.??.??"]

1. e4 c5 2. f4 Nc6 3. Nf3 d6 4. c3 Bg4 5. d3 Qb6 6. Na3 g6 7. Be2 Bg7 8. O-O
Nf6 9. Kh1 h6 10. Qe1 Be6 11. Nc2 Ng4 12. Nh4 Nf6 13. Ne3 Rg8 14. f5 gxf5 15.
Nhxf5 h5 16. Qh4 Kd7 17. Bxh5 Nxh5 18. Qxh5 Rh8 19. Qe2 Rag8 20. Nxg7 Rxg7 21.
Nf5 Rgh7 22. h3 Qd8 23. Bf4 Qg8 24. Rf3 Rh5 25. Bh2 Qh7 26. Raf1 Bxa2 27. d4
cxd4 28. cxd4 Rxf5 29. Rxf5 Nxd4 30. Qd3 Nxf5 31. Qb5+ Kc8 32. exf5 Qh4 33.
Rc1+ Kb8 34. b3 Rc8 35. Rxc8+ Kxc8 36. Bg1 Qe1 37. Qe8+ Kc7 38. Qxf7 Kd7 39.
Qc4 Qa5 40. Qe6+ Kc6 41. Qe4+ Kd7 42. Qxb7+ Qc7 43. Qd5 Qc2 44. Qe6+ Kd8 45. f6
exf6 46. Qxd6+ Kc8 47. Qa6+ Kd7 48. Qxa7+ Ke6 49. Qb6+ Kf5 50. Qb5+ Ke6 51.
Qe8+ Kf5 52. g4+ Kg5 53. Qh5+ Kf4 54. Qh6+ Ke5 55. Qh5+ Kd6 56. Bh2+ Ke7 57.
Qd5 Qb1+ 58. Kg2 Qc2+ 59. Kh1 1/2-1/2

[Event "21. Intern. Travemünder Schach-Open"]
[Site "?"]
[Date "2004.12.27"]
[Round "2"]
[White "Frodl, Michael"]
[Black "Rönsch, Daniel"]
[Result "1/2-1/2"]
[WhiteElo "2240"]
[BlackElo "2021"]
[PlyCount "39"]
[EventDate "2004.??.??"]

1. e4 e5 2. Nf3 Nc6 3. Bb5 a6 4. Bxc6 dxc6 5. O-O Bd6 6. d4 exd4 7. Qxd4 f6 8.
Nbd2 Nh6 9. Nc4 Ng4 10. h3 Nh2 11. Nxd6+ Qxd6 12. Qxd6 Nxf3+ 13. gxf3 cxd6 14.
Kh2 Kf7 15. Bf4 d5 16. Rad1 Be6 17. a3 Rad8 18. Bc7 Rd7 19. Bb6 Re8 20. Rfe1
1/2-1/2

[Event "21. Intern. Travemünder Schach-Open"]
[Site "?"]
[Date "2004.12.27"]
[Round "2"]
[White "Just, Gabriele"]
[Black "Dunsbach (FM), Ralf"]
[Result "1/2-1/2"]
[WhiteElo "2032"]
[BlackElo "2239"]
[PlyCount "76"]
[EventDate "2004.??.??"]

1. f4 Nf6 2. Nf3 g6 3. e3 Bg7 4. Be2 O-O 5. d3 c5 6. O-O Nc6 7. e4 d6 8. c3 b5
9. Qe1 b4 10. Nbd2 bxc3 11. bxc3 Ng4 12. Nc4 Ba6 13. h3 Bxc4 14. hxg4 Ba6 15.
Bd2 Rb8 16. Qh4 e6 17. g5 f5 18. gxf6 Qxf6 19. Qh3 Rb2 20. Rad1 Bc8 21. Ng5 h6
22. e5 dxe5 23. Ne4 Qe7 24. Qg4 Kh7 25. Be3 Rf5 26. Bxc5 Qd8 27. Ng3 Rxf4 28.
Rxf4 exf4 29. Qxf4 Rxa2 30. d4 Bb7 31. Bd3 Ne7 32. Be4 Nd5 33. Qf7 Qg5 34. Qxb7
Qxg3 35. Bxd5 exd5 36. Qxd5 Qf2+ 37. Kh2 h5 38. Rf1 Qxf1 1/2-1/2

[Event "21. Intern. Travemünder Schach-Open"]
[Site "?"]
[Date "2004.12.27"]
[Round "2"]
[White "Kuhn, Gerd"]
[Black "Holzhaus, Jens"]
[Result "0-1"]
[WhiteElo "2232"]
[BlackElo "2024"]
[PlyCount "76"]
[EventDate "2004.??.??"]

1. d4 d5 2. Nf3 Nc6 3. c3 Bg4 4. Bf4 e6 5. Qa4 Bxf3 6. exf3 Bd6 7. Bxd6 cxd6 8.
Nd2 Nge7 9. Bd3 e5 10. O-O O-O 11. Rfe1 Ng6 12. Bxg6 hxg6 13. Nb3 Qb6 14. Re2
Rad8 15. Rd1 Rfe8 16. dxe5 dxe5 17. Red2 d4 18. cxd4 exd4 19. h3 Re5 20. Nxd4
Ra5 21. Nxc6 Rxd2 22. Ne7+ Kh7 23. Qh4+ Rh5 24. Qxh5+ gxh5 25. Rxd2 Qb4 26. Re2
Qc4 27. Re4 Qxa2 28. b4 a5 29. bxa5 Qxa5 30. f4 b6 31. g4 hxg4 32. hxg4 b5 33.
Nd5 Qd8 34. Ne3 Qd2 35. g5 b4 36. Nf1 Qd6 37. Ne3 b3 38. f5 b2 0-1

[Event "21. Intern. Travemünder Schach-Open"]
[Site "?"]
[Date "2004.12.27"]
[Round "2"]
[White "Heroiu, Alexandru"]
[Black "Marcziter, Dmitrii"]
[Result "0-1"]
[WhiteElo "2029"]
[BlackElo "2220"]
[PlyCount "114"]
[EventDate "2004.??.??"]

1. Nf3 Nf6 2. g3 d5 3. Bg2 c5 4. O-O Nc6 5. d3 e6 6. Nbd2 Be7 7. e4 b6 8. Re1
Bb7 9. e5 Nd7 10. Nf1 g5 11. h3 h5 12. g4 Rg8 13. c3 Qc7 14. d4 cxd4 15. cxd4
hxg4 16. hxg4 Nb4 17. Re3 Qc2 18. Qd2 Qxd2 19. Bxd2 Nc2 20. Rc1 Nxe3 21. Bxe3
Rc8 22. Rxc8+ Bxc8 23. Ng3 Ba6 24. Bf1 Nb8 25. Ne2 Kd7 26. Nc3 Bxf1 27. Kxf1
Nc6 28. Ke2 f6 29. Kd3 fxe5 30. dxe5 Rf8 31. Ke2 Rxf3 32. Kxf3 d4 33. Bxd4
Nxd4+ 34. Ke4 Nc6 35. Ne2 Ke8 36. f4 gxf4 37. Nxf4 Kf7 38. a3 Bg5 39. Nd3 Bd2
40. b4 Bc3 41. b5 Na5 42. a4 Nb3 43. Ke3 Nc5 44. Nxc5 bxc5 45. Ke4 Kg6 46. Kd3
Ba5 47. Kc4 Bb6 48. a5 Bxa5 49. Kxc5 Bc7 50. Kc6 Bxe5 51. Kd7 Bd4 52. Kxe6 Kg5
53. Kd5 Bb6 54. Ke6 Kxg4 55. Kd5 Kf5 56. Kc4 Ke4 57. Kc3 Kd5 0-1

[Event "21. Intern. Travemünder Schach-Open"]
[Site "?"]
[Date "2004.12.27"]
[Round "2"]
[White "Issing, Peter"]
[Black "Langmann, Claus"]
[Result "1-0"]
[WhiteElo "2217"]
[BlackElo "1995"]
[PlyCount "73"]
[EventDate "2004.??.??"]

1. d4 Nf6 2. c4 c5 3. d5 e6 4. Nc3 d6 5. e4 exd5 6. cxd5 g6 7. f3 Bg7 8. Bg5
O-O 9. Qd2 Re8 10. Nge2 Qa5 11. Ng3 a6 12. Be2 b5 13. O-O Ra7 14. a4 b4 15. Nd1
Rae7 16. Ne3 Rd8 17. Nc4 Qc7 18. Qf4 Nbd7 19. Qxd6 Qxd6 20. Nxd6 Nb8 21. Nc4 h6
22. Bf4 Bb7 23. Rac1 Nfd7 24. b3 Bd4+ 25. Kh1 h5 26. Bd3 f6 27. Bd6 Ree8 28.
Ne2 Ne5 29. Nxe5 Rxd6 30. Nc4 Rdd8 31. Nxd4 cxd4 32. Na5 Ba8 33. Rc4 Rc8 34.
Rxb4 Rc3 35. Rxd4 Rec8 36. Rc4 Bb7 37. Nxb7 1-0

[Event "21. Intern. Travemünder Schach-Open"]
[Site "?"]
[Date "2004.12.27"]
[Round "2"]
[White "Hentzgen, Thomas"]
[Black "Marxen, Peter"]
[Result "1/2-1/2"]
[WhiteElo "2022"]
[BlackElo "2212"]
[PlyCount "46"]
[EventDate "2004.??.??"]

1. c4 Nf6 2. Nc3 e5 3. g3 g6 4. Bg2 Bg7 5. d3 O-O 6. e4 d6 7. Nge2 Be6 8. O-O
Qd7 9. f4 Bh3 10. Rb1 a5 11. b3 Nc6 12. Rf2 Bxg2 13. Rxg2 Nd4 14. Nxd4 exd4 15.
Ne2 c5 16. Kh1 b5 17. a4 b4 18. Qg1 Qh3 19. Bd2 Nh5 20. Rf1 f5 21. exf5 gxf5
22. Qf2 Nf6 23. Qf3 Qh5 1/2-1/2

[Event "21. Intern. Travemünder Schach-Open"]
[Site "?"]
[Date "2004.12.27"]
[Round "2"]
[White "Wiebe, Patrick"]
[Black "Müller, Jan-Hendrik"]
[Result "1/2-1/2"]
[WhiteElo "2210"]
[BlackElo "1899"]
[PlyCount "90"]
[EventDate "2004.??.??"]

1. c4 e5 2. g3 c6 3. Bg2 Bc5 4. e3 d6 5. d4 Bb6 6. Nc3 Nf6 7. Nge2 Bf5 8. O-O
exd4 9. exd4 O-O 10. Bf4 Re8 11. Qd2 d5 12. cxd5 cxd5 13. Bg5 Ba5 14. Qf4 Bd3
15. Bxf6 Qxf6 16. Qxf6 gxf6 17. Rfe1 Nc6 18. Nf4 Bg6 19. Rxe8+ Rxe8 20. Nfxd5
Kg7 21. Rd1 Bc2 22. Rd2 Re1+ 23. Bf1 Be4 24. Ne3 Bf3 25. h3 Bb6 26. Nf5+ Kf8
27. Nh4 Nxd4 28. Rxd4 Bxd4 29. Nxf3 Bxc3 30. Nxe1 Bxe1 31. Bd3 h6 32. Be4 b6
33. Kf1 Bb4 34. Ke2 Ke7 35. Kd3 Bc5 36. f3 a5 37. g4 Bd6 38. Bd5 Be5 39. b3 Bd6
40. Ke4 Ba3 41. Kf5 Bc1 42. h4 Be3 43. h5 Bd2 44. f4 Be3 45. Ke4 Bd2 1/2-1/2

[Event "21. Intern. Travemünder Schach-Open"]
[Site "?"]
[Date "2004.12.27"]
[Round "2"]
[White "Patzer, Stefan"]
[Black "Bohnstorff, Michael"]
[Result "1/2-1/2"]
[WhiteElo "1984"]
[BlackElo "2205"]
[PlyCount "58"]
[EventDate "2004.??.??"]

1. e4 d6 2. f4 g6 3. Nf3 Bg7 4. c3 Bg4 5. Be2 Bxf3 6. Bxf3 c6 7. Na3 Nd7 8. O-O
Qc7 9. d3 Nb6 10. Be3 Nf6 11. Nc2 Nfd7 12. a4 a5 13. Qe1 O-O 14. Qf2 e6 15. h4
d5 16. e5 Nc8 17. h5 Ne7 18. Nd4 Qd8 19. g4 gxh5 20. g5 c5 21. Nb5 Nf5 22. Bxh5
h6 23. gxh6 Bxh6 24. Bg4 Nxe3 25. Qxe3 Qh4 26. Rf2 Kh7 27. Qh3 Qxh3 28. Bxh3
Rg8+ 29. Kh2 Rg7 1/2-1/2

[Event "21. Intern. Travemünder Schach-Open"]
[Site "?"]
[Date "2004.12.27"]
[Round "2"]
[White "Gröne, Lars"]
[Black "Lehmann, Holger"]
[Result "0-1"]
[WhiteElo "1945"]
[BlackElo "2193"]
[PlyCount "72"]
[EventDate "2004.??.??"]

1. d4 d5 2. c4 c6 3. Nf3 e6 4. Nc3 dxc4 5. a4 Bb4 6. e3 b5 7. Bd2 a5 8. Be2 Nf6
9. Qc2 O-O 10. O-O Qb6 11. e4 Be7 12. e5 Nd5 13. Bg5 f6 14. exf6 gxf6 15. Bh6
Rf7 16. Qe4 Ra7 17. Qg4+ Kh8 18. axb5 Nxc3 19. bxc3 cxb5 20. Rfb1 Qc6 21. Qh5
Bf8 22. Bxf8 Rxf8 23. Qxb5 Bd7 24. Qxc6 Nxc6 25. Bxc4 Rc8 26. Bd3 a4 27. c4 Na5
28. c5 Rcc7 29. h3 Nb3 30. Ra3 Bc6 31. Bc4 Bd5 32. Bxd5 exd5 33. Rb2 Rcb7 34.
Rba2 Rb4 35. Ne1 Nxd4 36. Nd3 Rc4 0-1

[Event "21. Intern. Travemünder Schach-Open"]
[Site "?"]
[Date "2004.12.27"]
[Round "2"]
[White "Jochens, Arne"]
[Black "Große Honebrink, Brig"]
[Result "1-0"]
[WhiteElo "2187"]
[BlackElo "1886"]
[PlyCount "67"]
[EventDate "2004.??.??"]

1. c4 e6 2. g3 c5 3. Bg2 Nf6 4. Nf3 Nc6 5. O-O Be7 6. Nc3 O-O 7. d4 cxd4 8.
Nxd4 a6 9. b3 Qc7 10. Bb2 b6 11. Rc1 Nxd4 12. Bxa8 Nc6 13. Qc2 Qb8 14. Bxc6
dxc6 15. Ne4 e5 16. Nxf6+ Bxf6 17. c5 b5 18. Rfd1 Bg5 19. Ra1 f5 20. Rd6 Bf6
21. Rad1 Qc7 22. f4 Qe7 23. b4 exf4 24. Qb3+ Kh8 25. Bxf6 gxf6 26. gxf4 Rg8+
27. Kf2 Re8 28. R1d2 Be6 29. Qe3 Qf7 30. Rd8 Rxd8 31. Rxd8+ Kg7 32. Qg3+ Kh6
33. Rd6 Bd5 34. Qg5# 1-0

[Event "21. Intern. Travemünder Schach-Open"]
[Site "?"]
[Date "2004.12.27"]
[Round "2"]
[White "Jordan, Jürgen"]
[Black "Hobuss, Udo"]
[Result "0-1"]
[WhiteElo "2164"]
[BlackElo "2108"]
[PlyCount "72"]
[EventDate "2004.??.??"]

1. e4 c5 2. Nf3 Nc6 3. Bb5 g6 4. Bxc6 dxc6 5. h3 Bg7 6. d3 Nf6 7. Nc3 Nd7 8.
Be3 e5 9. Qd2 h6 10. a3 Qe7 11. O-O Nf8 12. b4 Ne6 13. Na4 Nd4 14. Nh2 b6 15.
Rab1 g5 16. c3 Ne6 17. Rfe1 O-O 18. Nf1 Rd8 19. Ng3 Ba6 20. Nf5 Qf6 21. Nb2
Bxd3 22. Nxd3 c4 23. Qa2 cxd3 24. Rbd1 Rd7 25. Qc4 Rad8 26. Qxc6 Rc7 27. Qa4
Nf4 28. Bxf4 exf4 29. Nxg7 Kxg7 30. e5 Qc6 31. b5 Qc4 32. Re4 Qxc3 33. e6 fxe6
34. Rxe6 Rd4 35. Qa6 Qb3 36. Rde1 Qxe6 0-1

[Event "21. Intern. Travemünder Schach-Open"]
[Site "?"]
[Date "2004.12.27"]
[Round "2"]
[White "Schoepe, Jan"]
[Black "Hansson, Jonathan"]
[Result "1/2-1/2"]
[WhiteElo "2330"]
[BlackElo "2081"]
[PlyCount "46"]
[EventDate "2004.??.??"]

1. e4 c6 2. d4 d5 3. exd5 cxd5 4. c4 e6 5. Nc3 Nf6 6. Nf3 Be7 7. cxd5 Nxd5 8.
Bd3 Nc6 9. O-O Ncb4 10. Bb1 b6 11. Ne5 O-O 12. a3 Nxc3 13. bxc3 Nd5 14. Qd3 g6
15. Bh6 Re8 16. c4 Nf6 17. Nc6 Qd6 18. Nxe7+ Qxe7 19. Bg5 Bb7 20. Qh3 e5 21.
Qh4 Kg7 22. Qh6+ Kg8 23. Qh4 Kg7 1/2-1/2

[Event "21. Intern. Travemünder Schach-Open"]
[Site "?"]
[Date "2004.12.27"]
[Round "2"]
[White "Raddatz, Michael"]
[Black "FM Rudolf, Henrik"]
[Result "0-1"]
[WhiteElo "2077"]
[BlackElo "2322"]
[PlyCount "72"]
[EventDate "2004.??.??"]

1. e4 c5 2. Nf3 e6 3. d4 cxd4 4. Nxd4 Nc6 5. c4 Nf6 6. Nc3 Bb4 7. Nxc6 bxc6 8.
e5 Ne4 9. Bd2 Nxd2 10. Qxd2 O-O 11. a3 Ba5 12. Bd3 f6 13. b4 Bc7 14. exf6 Qxf6
15. O-O d5 16. Qc2 Qh6 17. g3 Bb7 18. Rfe1 Rf3 19. Re2 e5 20. cxd5 cxd5 21.
Nxd5 Bxd5 22. Bc4 Bxc4 23. Qxc4+ Rf7 24. Rd1 Raf8 25. Rd7 Bb6 26. Rxf7 Rxf7 27.
Rxe5 g5 28. Re6 Qf8 29. a4 Bxf2+ 30. Kg2 Qa8+ 31. Kh3 Qf3 32. a5 Kg7 33. Re5
Be3 34. Qe4 Qh5+ 35. Qh4 g4+ 36. Kg2 Qxe5 0-1

[Event "21. Intern. Travemünder Schach-Open"]
[Site "?"]
[Date "2004.12.27"]
[Round "2"]
[White "Zimmermann, Julian"]
[Black "Becking, Franz Josef"]
[Result "1-0"]
[WhiteElo "2321"]
[BlackElo "2074"]
[PlyCount "57"]
[EventDate "2004.??.??"]

1. e4 e6 2. d4 d5 3. Nc3 dxe4 4. Nxe4 Nd7 5. Bd3 Ngf6 6. Qe2 c5 7. Nxf6+ Nxf6
8. dxc5 Qa5+ 9. c3 Qxc5 10. Nf3 Bd7 11. Ne5 a6 12. O-O Bd6 13. Bf4 Bc6 14. Bg3
Rd8 15. b4 Qxc3 16. Nxc6 Qxc6 17. b5 Qc7 18. Rfc1 Qe7 19. bxa6 bxa6 20. Bxa6
O-O 21. a4 Bxg3 22. hxg3 Qa7 23. Bb5 Rd5 24. a5 Rb8 25. a6 Ne8 26. Bc6 Rbd8 27.
Qe3 Qxe3 28. fxe3 Nc7 29. a7 1-0

[Event "21. Intern. Travemünder Schach-Open"]
[Site "?"]
[Date "2004.12.27"]
[Round "2"]
[White "Spielberger, Horst"]
[Black "Stimpel, Franz"]
[Result "1/2-1/2"]
[WhiteElo "2072"]
[BlackElo "2320"]
[PlyCount "73"]
[EventDate "2004.??.??"]

1. Nf3 Nf6 2. c4 g6 3. Nc3 Bg7 4. g3 O-O 5. Bg2 d6 6. O-O Nbd7 7. d3 e5 8. Rb1
a5 9. a3 Re8 10. e4 Nf8 11. Qc2 Bd7 12. b4 axb4 13. axb4 Nh5 14. Qb3 Ne6 15.
Nd5 c6 16. Ne3 Ra7 17. Nc2 Qc7 18. Be3 b6 19. Ra1 Rea8 20. Qb2 f5 21. Rxa7 Rxa7
22. Ra1 f4 23. Bd2 h6 24. Rxa7 Qxa7 25. Qa3 Qxa3 26. Nxa3 Ng5 27. Nh4 Kf7 28.
Kf1 Bf6 29. Nf3 Nh3 30. Bc3 Ng5 31. Nxg5+ hxg5 32. Bf3 Ng7 33. Bd1 Ne6 34. Ba4
Ke7 35. Bd1 Nc7 36. Nc2 d5 37. Na3 1/2-1/2

[Event "21. Intern. Travemünder Schach-Open"]
[Site "?"]
[Date "2004.12.27"]
[Round "2"]
[White "FM Voigt, Martin"]
[Black "Rathje, Christian"]
[Result "1-0"]
[WhiteElo "2301"]
[BlackElo "2072"]
[PlyCount "93"]
[EventDate "2004.??.??"]

1. e4 c5 2. Nf3 e6 3. d4 cxd4 4. Nxd4 Qb6 5. Nb3 Qc7 6. Be3 Nf6 7. Bd3 d5 8.
N1d2 Bd6 9. g3 O-O 10. O-O Rd8 11. Qe2 Nbd7 12. c4 dxe4 13. Nxe4 Be7 14. Rac1
Nxe4 15. Bxe4 Nf6 16. Bg2 e5 17. h3 Bf5 18. Rfd1 Rxd1+ 19. Rxd1 Rc8 20. Nd2 b6
21. g4 Be6 22. b3 Rd8 23. g5 Nd7 24. Ne4 Nc5 25. Nc3 Rxd1+ 26. Qxd1 Qd8 27.
Qxd8+ Bxd8 28. Kf1 Bf5 29. Ke2 Ne6 30. h4 f6 31. gxf6 Bxf6 32. Nb5 Bb1 33. Bd5
Kf7 34. a4 Ke7 35. Nxa7 Nd4+ 36. Kf1 Kd7 37. b4 Bd8 38. Nb5 Bc2 39. Nc3 Bxh4
40. a5 bxa5 41. bxa5 Bd8 42. a6 Nc6 43. a7 Nxa7 44. Bxa7 Bd3+ 45. Kg2 g5 46.
Ne4 h5 47. Nc5+ 1-0

[Event "21. Intern. Travemünder Schach-Open"]
[Site "?"]
[Date "2004.12.27"]
[Round "2"]
[White "IM Kopylov, Michael"]
[Black "Thimm, Torsten"]
[Result "1-0"]
[WhiteElo "2434"]
[BlackElo "2164"]
[PlyCount "55"]
[EventDate "2004.??.??"]

1. d4 d5 2. c4 c6 3. Nf3 Nf6 4. Qc2 e6 5. Nbd2 Nbd7 6. g3 Bd6 7. Bg2 O-O 8. O-O
Re8 9. Rd1 Qe7 10. b3 e5 11. cxd5 cxd5 12. dxe5 Nxe5 13. Bb2 Bg4 14. Nd4 Rac8
15. Qb1 Qd7 16. Nf1 Bc5 17. Ne3 Bh5 18. Qf5 Qxf5 19. Nexf5 Ne4 20. Rac1 g6 21.
Ne3 Bxd4 22. Rxc8 Rxc8 23. Rxd4 Bxe2 24. Nxd5 Rc2 25. Rxe4 Rxb2 26. Nc3 Nf3+
27. Kh1 Rc2 28. Nxe2 1-0

[Event "21. Intern. Travemünder Schach-Open"]
[Site "?"]
[Date "2004.12.27"]
[Round "2"]
[White "Freundlieb, Thomas"]
[Black "GM Pogorelov, Ruslan"]
[Result "0-1"]
[WhiteElo "2139"]
[BlackElo "2421"]
[PlyCount "84"]
[EventDate "2004.??.??"]

1. d4 Nf6 2. Nf3 e6 3. e3 b6 4. Bd3 Bb7 5. Nbd2 c5 6. c3 Nc6 7. O-O Be7 8. a3
d5 9. Ne5 Nxe5 10. dxe5 Nd7 11. f4 c4 12. Bc2 Nc5 13. Nf3 Qc7 14. Nd4 O-O-O 15.
a4 a6 16. Bd2 f5 17. b4 cxb3 18. Bxb3 Qd7 19. Bc2 Bc6 20. Qe2 Kb7 21. c4 dxc4
22. Qxc4 Bd5 23. Qe2 g5 24. fxg5 Bxg5 25. Nf3 Be7 26. Bc3 Rhg8 27. a5 b5 28.
Rfd1 Ka8 29. Rxd5 Qxd5 30. Nd4 Rg4 31. g3 Rdg8 32. Qg2 Qxg2+ 33. Kxg2 Ne4 34.
Be1 Bc5 35. Nxe6 Bxe3 36. Kf3 Ba7 37. h3 R4g6 38. Nf4 Rxg3+ 39. Bxg3 Rxg3+ 40.
Ke2 Re3+ 41. Kd1 Bd4 42. Nd5 Nc3+ 0-1

[Event "21. Intern. Travemünder Schach-Open"]
[Site "?"]
[Date "2004.12.27"]
[Round "2"]
[White "Hobuss, Udo"]
[Black "Ilgner, Andreas"]
[Result "1/2-1/2"]
[WhiteElo "2108"]
[BlackElo "2146"]
[PlyCount "64"]
[EventDate "2004.??.??"]

1. d4 d5 2. c4 e6 3. Nc3 c6 4. e3 Bd6 5. Bd3 Nd7 6. Nf3 f5 7. cxd5 cxd5 8. Bd2
a6 9. a4 Ngf6 10. Qb3 Ne4 11. Na2 Nxd2 12. Nxd2 Qg5 13. g3 Qe7 14. f4 Nf6 15.
Nf3 O-O 16. O-O Rb8 17. Rfc1 Bd7 18. Ne5 Be8 19. Rc2 h6 20. Rac1 Bh5 21. Bf1 g5
22. Qc3 Kh7 23. Qe1 Rg8 24. Bg2 Be8 25. b3 Bd7 26. Nd3 Qg7 27. Nab4 Ng4 28. Nc5
gxf4 29. Nxd7 Qxd7 30. exf4 Rbc8 31. Nd3 Rxc2 32. Rxc2 Rc8 1/2-1/2

[Event "21. Intern. Travemünder Schach-Open"]
[Site "?"]
[Date "2004.12.28"]
[Round "3"]
[White "Jobava (GM), Badur"]
[Black "Marcziter, Dimitri"]
[Result "1-0"]
[WhiteElo "2615"]
[BlackElo "2220"]
[PlyCount "59"]
[EventDate "2004.??.??"]

1. c4 Nf6 2. Nc3 c5 3. g3 e6 4. Bg2 a6 5. Nf3 Be7 6. d4 cxd4 7. Nxd4 O-O 8. O-O
d6 9. b3 Ra7 10. Bb2 b6 11. e4 Rd7 12. Qe2 Bb7 13. Rfd1 Qc7 14. Rac1 Rdd8 15.
f4 Rfe8 16. g4 Bf8 17. g5 Nfd7 18. Rd3 g6 19. Qf2 Bg7 20. Rcd1 Nf8 21. Nc2 Rc8
22. Ne3 Red8 23. Ng4 h5 24. gxh6 Bh8 25. Na4 f5 26. Bxh8 Kxh8 27. Qb2+ e5 28.
fxe5 dxe5 29. Nxe5 Kh7 30. Nd7 1-0

[Event "21. Intern. Travemünder Schach-Open"]
[Site "?"]
[Date "2004.12.28"]
[Round "3"]
[White "Lehmann, Holger"]
[Black "Miroshnichenko (GM), Evge"]
[Result "0-1"]
[WhiteElo "2193"]
[BlackElo "2615"]
[PlyCount "58"]
[EventDate "2004.??.??"]

1. d4 Nf6 2. c4 e6 3. g3 c5 4. Nf3 cxd4 5. Nxd4 Bb4+ 6. Nc3 Ne4 7. Qc2 Qa5 8.
Ndb5 a6 9. Qxe4 axb5 10. Bd2 bxc4 11. Qxc4 Nc6 12. Bg2 d5 13. Qh4 O-O 14. O-O
Be7 15. Qh5 Qa6 16. e4 d4 17. Nb5 g6 18. Qe2 d3 19. Qxd3 Rd8 20. Qe2 Rxd2 21.
Qxd2 Qxb5 22. f4 Bb4 23. Qc2 Nd4 24. Qc7 Bd7 25. a4 Qc6 26. Qe5 Qb6 27. Kh1 Nc2
28. Rac1 Ne3 29. Rg1 Ng4 0-1

[Event "21. Intern. Travemünder Schach-Open"]
[Site "?"]
[Date "2004.12.28"]
[Round "3"]
[White "Maiwald (GM), Jens-Uwe"]
[Black "Issing, Peter"]
[Result "1/2-1/2"]
[WhiteElo "2524"]
[BlackElo "2217"]
[PlyCount "89"]
[EventDate "2004.??.??"]

1. e4 e5 2. Nf3 Nc6 3. d3 Nf6 4. c3 g6 5. g3 Bg7 6. Bg2 O-O 7. O-O d6 8. b4 Bd7
9. Nbd2 a6 10. Bb2 Re8 11. Re1 Qc8 12. a3 Bh3 13. Bh1 h6 14. Nf1 Ng4 15. Qe2
Rf8 16. Nh4 Bf6 17. Bg2 Bxg2 18. Nxg2 Bg7 19. f3 Nf6 20. Nfe3 Qd7 21. c4 Nh7
22. Nd5 Rae8 23. h4 f5 24. Kh2 Nf6 25. Rf1 Rf7 26. Rac1 Ne7 27. Nxf6+ Bxf6 28.
c5 d5 29. Rce1 Rff8 30. Qd1 Bg7 31. Qb3 Kh7 32. Bc1 Rd8 33. f4 fxe4 34. dxe4
Nc6 35. Qxd5 Qxd5 36. exd5 Rxd5 37. Ne3 Rd4 38. f5 Rdd8 39. Kh3 h5 40. fxg6+
Kxg6 41. Rxf8 Bxf8 42. Rf1 Bh6 43. Nc4 Bxc1 44. Rxc1 Kf5 45. Re1 1/2-1/2

[Event "21. Intern. Travemünder Schach-Open"]
[Site "?"]
[Date "2004.12.28"]
[Round "3"]
[White "Nilson, Anders"]
[Black "Rabiega (GM), Robert"]
[Result "0-1"]
[WhiteElo "2176"]
[BlackElo "2524"]
[PlyCount "62"]
[EventDate "2004.??.??"]

1. d4 d5 2. c4 e6 3. Nc3 Nf6 4. cxd5 exd5 5. Bg5 c6 6. e3 Be7 7. Qc2 O-O 8. Bd3
Nbd7 9. Nf3 Re8 10. O-O Nf8 11. Rae1 Be6 12. Ne5 N6d7 13. Bxe7 Qxe7 14. f4 f6
15. Nf3 Nb6 16. f5 Bf7 17. g4 c5 18. Qg2 h6 19. h4 Nh7 20. g5 fxg5 21. hxg5
Nxg5 22. Nxg5 Qxg5 23. Qxg5 hxg5 24. dxc5 Nc4 25. Bxc4 dxc4 26. f6 Rac8 27. Rd1
Rc7 28. e4 gxf6 29. Rxf6 Re5 30. Nb5 Rce7 31. Nd6 Kg7 {..........} 0-1

[Event "21. Intern. Travemünder Schach-Open"]
[Site "?"]
[Date "2004.12.28"]
[Round "3"]
[White "Kalinitschew (GM), Sergej"]
[Black "Jochens, Arne"]
[Result "1-0"]
[WhiteElo "2517"]
[BlackElo "2187"]
[PlyCount "71"]
[EventDate "2004.??.??"]

1. d4 Nf6 2. c4 g6 3. g3 Bg7 4. Bg2 O-O 5. Nc3 d6 6. Nf3 Nc6 7. d5 Na5 8. b3 a6
9. Bd2 c5 10. dxc6 Nxc6 11. Rc1 Bd7 12. a4 Rb8 13. O-O Ng4 14. h3 Nge5 15. Nxe5
Nxe5 16. Nd5 Bc6 17. e4 b5 18. cxb5 axb5 19. a5 Bxd5 20. exd5 b4 21. Ra1 Nd7
22. Ra4 Rb5 23. Bxb4 Qb8 24. Qd2 Bh6 25. f4 Qa7+ 26. Kh2 Rfb8 27. Rc1 Nc5 28.
Bxc5 dxc5 29. Qe3 Bg7 30. Re4 Bd4 31. Qe2 Rxb3 32. Rxe7 Qxa5 33. d6 Rb2 34. Rc2
Rxc2 35. Qxc2 Rb2 36. Qc4 1-0

[Event "21. Intern. Travemünder Schach-Open"]
[Site "?"]
[Date "2004.12.28"]
[Round "3"]
[White "Wokittel, Ulf"]
[Black "Meister (IM), Jakov"]
[Result "0-1"]
[WhiteElo "2165"]
[BlackElo "2505"]
[PlyCount "50"]
[EventDate "2004.??.??"]

1. d4 Nf6 2. c4 e6 3. g3 c5 4. Nf3 b6 5. Bg2 Bb7 6. O-O cxd4 7. Nxd4 Bxg2 8.
Kxg2 Qc8 9. b3 Qb7+ 10. f3 a6 11. Bb2 Be7 12. Nc3 h5 13. e4 h4 14. Qd2 Nc6 15.
Rad1 Ne5 16. Qe2 Rc8 17. Rd2 Bb4 18. Nc2 Be7 19. Ne3 Ng6 20. Rfd1 hxg3 21. hxg3
Nh5 22. Rxd7 Nhf4+ 23. gxf4 Nxf4+ 24. Kf1 Rh1+ 25. Kf2 Bh4# 0-1

[Event "21. Intern. Travemünder Schach-Open"]
[Site "?"]
[Date "2004.12.28"]
[Round "3"]
[White "Voloshin (GM), Leonid"]
[Black "Kliewe, Hans-Jürgen"]
[Result "1-0"]
[WhiteElo "2494"]
[BlackElo "2178"]
[PlyCount "41"]
[EventDate "2004.??.??"]

1. c4 c6 2. e4 d5 3. exd5 cxd5 4. cxd5 Nf6 5. Bb5+ Bd7 6. Bc4 Qc7 7. d3 g6 8.
Nc3 Bg7 9. Nge2 O-O 10. O-O Na6 11. Bf4 Qb6 12. a4 Nh5 13. Be3 Qd8 14. Qb3 Qc8
15. Qa3 Re8 16. b4 Be5 17. Rab1 Bd6 18. Ne4 Bf5 19. Nxd6 exd6 20. Rbc1 Qd7 21.
Bb5 1-0

[Event "21. Intern. Travemünder Schach-Open"]
[Site "?"]
[Date "2004.12.28"]
[Round "3"]
[White "Schmid, Thomas"]
[Black "Mainka (GM), Romuald"]
[Result "0-1"]
[WhiteElo "2163"]
[BlackElo "2461"]
[PlyCount "129"]
[EventDate "2004.??.??"]

1. Nc3 d5 2. e4 d4 3. Nce2 e5 4. Ng3 Be6 5. c3 c5 6. Bb5+ Nd7 7. Nf3 f6 8. O-O
a6 9. Be2 Nb6 10. d3 Ne7 11. c4 Ng6 12. Nh5 Qd7 13. Ne1 Na4 14. f4 exf4 15.
Nxf4 Nxf4 16. Rxf4 Bd6 17. Rf1 O-O 18. Nf3 b5 19. b3 Nc3 20. Qe1 Qc7 21. Kh1 b4
22. Bd2 a5 23. a4 Rae8 24. Bxc3 bxc3 25. Qh4 Bc8 26. Ne1 f5 27. Bf3 fxe4 28.
dxe4 Rf4 29. Qg5 h6 30. Qd5+ Be6 31. Qh5 Bf7 32. Qh3 Qe7 33. g3 Rf6 34. Nd3 Bg6
35. Rae1 Ref8 36. Qg2 Be5 37. Kg1 Kh8 38. Qe2 Rb8 39. Qa2 Rfb6 40. Bd1 Qc7 41.
Qg2 Re8 42. Qf3 Rbe6 43. Qg4 Bd6 44. Nf2 Qe7 45. Bc2 Rf8 46. e5 Bxc2 47. exd6
Rxe1 48. dxe7 Rxe7 49. Nh3 Rxf1+ 50. Kxf1 Bd3+ 51. Kg2 c2 52. Qf4 Re3 53. Nf2
c1=Q 54. Qf8+ Kh7 55. Nxd3 Qc2+ 56. Nf2 Re5 57. g4 Qxb3 58. Qf7 Qxa4 59. Qc7
Qe8 60. Qxa5 Qc6+ 61. Kf1 Qe6 62. Qc7 Qxc4+ 63. Kg2 Re1 64. Qf4 Qd5+ 65. Kh3
0-1

[Event "21. Intern. Travemünder Schach-Open"]
[Site "?"]
[Date "2004.12.28"]
[Round "3"]
[White "Kupreychnik (GM), Victor"]
[Black "Kaeding, Rainer"]
[Result "1-0"]
[WhiteElo "2454"]
[BlackElo "2175"]
[PlyCount "97"]
[EventDate "2004.??.??"]

1. e4 c5 2. Nf3 e6 3. Nc3 Nc6 4. g3 a6 5. Bg2 b5 6. d4 cxd4 7. Nxd4 Bb7 8. O-O
Rc8 9. Be3 Ne5 10. Qe2 Nc4 11. Bc1 Bb4 12. Nd1 Qc7 13. a4 bxa4 14. Rxa4 Bf8 15.
b3 Nb6 16. Ra2 Bc5 17. Nf3 d6 18. Bb2 e5 19. Bc3 Nd7 20. Nd2 Ngf6 21. Nc4 O-O
22. Qd3 Ne8 23. Nde3 Bxe3 24. Qxe3 Nc5 25. Rd1 g6 26. Bb4 Kg7 27. Nxd6 Nxd6 28.
Qxc5 Qxc5 29. Bxc5 Rxc5 30. Rxd6 Rfc8 31. Rd7 R8c7 32. Rxc7 Rxc7 33. Kf1 Rc5
34. f3 a5 35. Ke2 f5 36. Ke3 Kf6 37. Bf1 fxe4 38. fxe4 Kg5 39. Be2 Bc6 40. h4+
Kf6 41. Bd3 h6 42. Ra1 Ke7 43. Bc4 Bd7 44. Kd3 Be6 45. Bxe6 Kxe6 46. Ra4 h5 47.
Rc4 Rb5 48. Rc6+ Kf7 49. Kc4 1-0